000 01121nam a22003737a 4500
001 054
003 DO-SdBNP
005 20180220105549.0
007 054
008 151005b1991 sp 00| 0 spa d
020 _a8434824299
040 _aBPMSU
_bspa
_cBPMSU
092 _aXXXX
_bXXXX
100 1 _aMoreno, María Victora
240 1 0 _aLeonardo e os fontaneiros
_f1988
_lgag
245 1 0 _aLeonardo y los fontaneros /
_cMaría Victora Moreno ; ilustración María Luisa Torcida ; traducción Begoña Llácer ; colección dirigida por Marinella Terzi
250 _a4a. ed.
260 _aMadrid :
_bEdiciones SM,
_c1991.
300 _a157 p. :
_bil. ;
_c19 cm.
490 1 _aEl barco de vapor
_v46
490 1 _aRoja
500 _aA partir de 12 años
521 1 _aA partir de los 12 años
586 _aPremio El Barco de Vapor, 1988.
700 1 2 _aTorcida, María Luisa
_eil.
700 1 2 _aLlácer, Begoña
_etrad.
700 1 2 _aTerzi, Marinella
_edir.
830 0 _aBarco de vapor
_n46
830 0 _aRoja
910 _a202
942 _2ddc
_cBK
945 _aInventariado, 2018 / BT
956 _aYngrid Lockward
999 _c8439
_d8439